| 000 | 00559nam a22001577a 4500 | ||
|---|---|---|---|
| 003 | OSt | ||
| 005 | 20150908164629.0 | ||
| 008 | 150908b xxu||||| |||| 00| 0 eng d | ||
| 040 | _cRUA | ||
| 082 | _aAGR នេត 1993 B006 Or.1 | ||
| 100 |
_9174 _aនេត សោភ័គ្គ |
||
| 245 | _aការសិក្សាអំពីទំនាក់ទំនងទិន្នផល និងទិន្នធាតុនៃស្រូវរដូវប្រាំង | ||
| 260 |
_aPhnom Penh _bRUA _c1993 |
||
| 300 |
_a54p. _bill. _c29cm. |
||
| 942 |
_2ddc _cAGR |
||
| 999 |
_c155 _d155 |
||